Disney: Z-O-M-B-I-E-S and Descendants characters quiz - Statistics

General Stats
  • This quiz has been taken 588 times
  • The average score is 14 of 18
Answer Stats
Hint Answer % Correct
Daughter of Maleficent Mal
91%
Zombie footballer Zed
91%
Daughter of Ursula Uma
90%
Cheerleader/alien Addison
88%
Son of Cruella Carlos
87%
Son of Belle and Beast Ben
86%
Daughter of Fairy Godmother Jane
85%
Son of Jafar Jay
85%
Seabrook High Mascot Shrimpy
82%
Daughter of the Evil Queen Evie
81%
Son of Charming and Cinderella Chad
79%
Main daywalker Nova
79%
Main vampire Victor
79%
Zombie who is extremely smart Eliza
78%
Leader/alpha Willa
77%
The one who thinks its always about him Bucky
67%
Portable Night vampire Vargas
65%
Principle of Seabrook High Lim
55%
No matching quizzes found
Score Distribution
Percent of People with Each Score
Percentile by Number Answered
Your Score History
You have not taken this quiz